[Event "Warsaw YMCA Spring-A 257th"]
[Site "Warsaw"]
[Date "2022.04.22"]
[Round "3"]
[White "Niedbal, Piotr"]
[Black "Moskwinski, Marek"]
[Result "1/2-1/2"]
[WhiteElo "1868"]
[BlackElo "1856"]
[PlyCount "36"]
[EventDate "2022.04.08"]
[EventType "tourn"]
[EventRounds "11"]
[EventCountry "POL"]
[SourceTitle "EXT 2023"]
[Source "ChessBase"]
[SourceDate "2022.10.05"]
[SourceVersion "1"]
[SourceVersionDate "2022.10.05"]
[SourceQuality "1"]

1. e4 c6 2. c4 d5 3. exd5 cxd5 4. cxd5 Nf6 5. Bb5+ Nbd7 6. Nf3 Nxd5 7. 0-0 e6 8. Nc3 Nc7 9. Ba4 Be7 10. d4 0-0 11. Bc2 Nf6 12. Ng5 Bd7 13. Qd3 g6 14. Rd1 Bc6 15. Qh3 h5 16. Qd3 Nfd5 17. Nxd5 Qxd5 18. Nf3 Rad8 1/2-1/2

[Event "Warsaw YMCA Summer-A 244th"]
[Site "Warsaw"]
[Date "2021.08.06"]
[Round "8"]
[White "Polak, Michal"]
[Black "Moskwinski, Marek"]
[Result "1-0"]
[WhiteElo "1928"]
[BlackElo "1880"]
[PlyCount "77"]
[EventDate "2021.06.30"]
[EventType "tourn"]
[EventRounds "10"]
[EventCountry "POL"]
[SourceTitle "EXT 2022"]
[Source "ChessBase"]
[SourceDate "2021.10.06"]
[SourceVersion "1"]
[SourceVersionDate "2021.10.06"]
[SourceQuality "1"]

1. e4 c6 2. d4 d5 3. Nc3 dxe4 4. Nxe4 Bf5 5. Ng3 Bg6 6. h4 h6 7. Nf3 Nd7 8. h5 Bh7 9. Bd3 Bxd3 10. Qxd3 Ngf6 11. Bf4 Qa5+ 12. Bd2 Qb6 13. 0-0-0 e6 14. Kb1 Be7 15. Ne4 Nxe4 16. Qxe4 Nf6 17. Qe2 Rc8 18. c4 0-0 19. g4 Nh7 20. Ne5 Qd8 21. Bc1 Bf6 22. f4 Bxe5 23. dxe5 Qe7 24. Rdg1 Rfd8 25. g5 Kh8 26. g6 Nf8 27. f5 exf5 28. Bxh6 gxh6 29. g7+ Kg8 30. gxf8Q+ Kxf8 31. Qe3 Ke8 32. Qxh6 Kd7 33. Qf4 Qe6 34. h6 Rg8 35. Rd1+ Kc7 36. Rd6 Qe7 37. h7 Rh8 38. Rhd1 Rcd8 39. Qd4 1-0

[Event "Warsaw YMCA Summer-A 244th"]
[Site "Warsaw"]
[Date "2021.07.06"]
[Round "3"]
[White "Moskwinski, Marek"]
[Black "Polak, Michal"]
[Result "1/2-1/2"]
[WhiteElo "1880"]
[BlackElo "1928"]
[PlyCount "138"]
[EventDate "2021.06.30"]
[EventType "tourn"]
[EventRounds "10"]
[EventCountry "POL"]
[SourceTitle "EXT 2022"]
[Source "ChessBase"]
[SourceDate "2021.10.06"]
[SourceVersion "1"]
[SourceVersionDate "2021.10.06"]
[SourceQuality "1"]

1. d4 Nf6 2. Nf3 e6 3. Bg5 h6 4. Bxf6 Qxf6 5. e4 d6 6. Nbd2 c5 7. c3 Nc6 8. Bb5 Bd7 9. d5 Ne5 10. Bxd7+ Nxd7 11. Qb3 Rb8 12. 0-0 e5 13. Qa4 a6 14. b4 cxb4 15. cxb4 Qd8 16. Rac1 Be7 17. Rc3 Rc8 18. Rfc1 Rxc3 19. Rxc3 0-0 20. Qc2 Qb8 21. Nb3 Bd8 22. a4 g6 23. Nfd2 Kg7 24. Nc4 Nb6 25. Nxb6 Bxb6 26. a5 Bd8 27. Rc8 Qa7 28. g3 Kg8 29. Kg2 Kg7 30. Qc3 Kg8 31. Qe3 Qxe3 32. fxe3 Bg5 33. Rc3 Rb8 34. Nd2 Bd8 35. Kf3 Kf8 36. Ke2 Ke7 37. Kd3 Kd7 38. Nc4 Rc8 39. Rc2 Rb8 40. Rf2 f6 41. g4 Ke7 42. Rf3 Bc7 43. h4 Rh8 44. Rg3 Kf7 45. Rg2 h5 46. g5 fxg5 47. Rxg5 Kg7 48. Rg2 Rf8 49. Rc2 Rf7 50. Ke2 Rd7 51. Nd2 Bd8 52. Nf3 Rc7 53. Rxc7+ Bxc7 54. Ng5 Kf6 55. Ne6 Bb8 56. Nd8 Ke7 57. Ne6 Ba7 58. Nc7 Kd7 59. Ne6 Ke7 60. Nc7 Bb8 61. Ne6 Ba7 62. Nc7 Kf7 63. Ne6 Bb8 64. Nd8+ Ke7 65. Ne6 Ke8 66. Ng7+ Ke7 67. Ne6 Ba7 68. Nc7 Kf7 69. Ne6 Ke7 1/2-1/2

[Event "Warsaw YMCA Autumn-A 238th"]
[Site "Warsaw"]
[Date "2020.10.23"]
[Round "5"]
[White "Moskwinski, Marek"]
[Black "Niedbal, Piotr"]
[Result "1-0"]
[WhiteElo "1933"]
[BlackElo "1893"]
[PlyCount "63"]
[EventDate "2020.09.24"]
[EventType "swiss"]
[EventRounds "12"]
[EventCountry "POL"]
[SourceTitle "EXT 2022"]
[Source "ChessBase"]
[SourceDate "2021.10.06"]
[SourceVersion "1"]
[SourceVersionDate "2021.10.06"]
[SourceQuality "1"]

1. e4 c5 2. Nf3 e6 3. d4 cxd4 4. Nxd4 Nc6 5. Nc3 Qc7 6. Ndb5 Qb8 7. Be3 a6 8. Bb6 axb5 9. Nxb5 Bb4+ 10. c3 Ba5 11. Nc7+ Qxc7 12. Bxc7 Bxc7 13. Qg4 Kf8 14. Bb5 Nf6 15. Qe2 g6 16. 0-0 Kg7 17. Rfd1 d5 18. f3 Ne5 19. exd5 exd5 20. a4 Nc6 21. Re1 h5 22. Qd2 h4 23. Rad1 Be6 24. b4 Ne5 25. a5 Rac8 26. Qd4 Nc6 27. Bxc6 bxc6 28. Qc5 Rhd8 29. Rxe6 fxe6 30. Qe7+ Kh6 31. Qxf6 Re8 32. Rd4 1-0

[Event "Warsaw YMCA Spring-A 213th"]
[Site "Warsaw"]
[Date "2019.04.26"]
[Round "3"]
[White "Moskwinski, Marek"]
[Black "Choroszej, Aleksander"]
[Result "1-0"]
[WhiteElo "1907"]
[BlackElo "2073"]
[PlyCount "57"]
[EventDate "2019.04.11"]
[EventType "swiss"]
[EventRounds "11"]
[EventCountry "POL"]
[SourceTitle "EXT 2020"]
[Source "ChessBase"]
[SourceDate "2019.10.17"]
[SourceVersion "1"]
[SourceVersionDate "2019.10.17"]
[SourceQuality "1"]

1. e4 g6 2. d4 Bg7 3. Nc3 d6 4. f4 Nf6 5. Nf3 0-0 6. e5 Nfd7 7. Bc4 Nb6 8. Bb3 Nc6 9. a4 Na5 10. Ba2 c5 11. dxc5 dxc5 12. Qxd8 Rxd8 13. Be3 c4 14. 0-0 Bg4 15. Nd4 f6 16. b4 cxb3 17. Nxb3 Nxb3 18. Bxb3+ Kh8 19. a5 Nc8 20. h3 fxe5 21. hxg4 exf4 22. Rad1 Rxd1 23. Rxd1 Bxc3 24. Rd8+ Kg7 25. g5 h6 26. Bc5 b6 27. Bxe7 bxa5 28. Rg8+ Kh7 29. Bf6 1-0

[Event "Warsaw YMCA Autumn-A 205th"]
[Site "Warsaw"]
[Date "2018.10.26"]
[Round "6"]
[White "Moskwinski, Marek"]
[Black "Choroszej, Aleksander"]
[Result "1-0"]
[WhiteElo "1866"]
[BlackElo "2054"]
[PlyCount "167"]
[EventDate "2018.09.21"]
[EventType "swiss"]
[EventRounds "12"]
[EventCountry "POL"]
[SourceTitle "CBM 189 Extra"]
[Source "ChessBase"]
[SourceDate "2019.06.03"]
[SourceVersion "1"]
[SourceVersionDate "2019.06.03"]
[SourceQuality "1"]

1. e4 g6 2. d4 Bg7 3. Nc3 d6 4. f4 Nf6 5. Nf3 0-0 6. e5 Nfd7 7. h4 c5 8. h5 cxd4 9. hxg6 dxc3 10. gxf7+ Rxf7 11. Bc4 e6 12. Ng5 Nxe5 13. Qh5 h6 14. fxe5 hxg5 15. Qh7+ Kf8 16. Qh8+ Bxh8 17. Rxh8+ Kg7 18. Rxd8 Nc6 19. Rxd6 Nxe5 20. Be2 Rc7 21. bxc3 Nf7 22. Rd3 e5 23. Rg3 Bf5 24. Bxg5 Nxg5 25. Rxg5+ Kf6 26. Rg3 Rac8 27. c4 Rd8 28. Rd1 Rxd1+ 29. Kxd1 Be6 30. Rf3+ Ke7 31. Ra3 a6 32. Re3 Kd6 33. Re4 Rc5 34. Kc1 Rc8 35. Rh4 Rg8 36. Bf3 Rg7 37. Rh6 e4 38. Bxe4 Ke5 39. Bf3 Bxc4 40. Rb6 Bd5 41. Bxd5 Kxd5 42. Rb3 Rxg2 43. Rxb7 Kc6 44. Rb3 Rf2 45. Kb2 Rh2 46. Kc3 Kc5 47. Rb8 Rh3+ 48. Kb2 Rh2 49. Kb3 Rh3+ 50. c3 Rh5 51. Rf8 Rh4 52. Rf5+ Kc6 53. a4 Rg4 54. Rf6+ Kb7 55. Rd6 Rg5 56. Kb4 Rg1 57. Rf6 Rh1 58. c4 Rg1 59. a5 Rb1+ 60. Kc5 Ka7 61. Rf7+ Kb8 62. Kc6 Rh1 63. Rf6 Ka7 64. c5 Rb1 65. Kd7 Rb7+ 66. Kd6 Rb1 67. c6 Rd1+ 68. Ke7 Rc1 69. Kd7 Kb8 70. Rf8+ Ka7 71. Rf4 Rd1+ 72. Kc8 Rd5 73. c7 Rh5 74. Rd4 Rh8+ 75. Kd7 Rh7+ 76. Kc6 Rh6+ 77. Rd6 Rh8 78. Rd8 Rxd8 79. cxd8N Kb8 80. Kb6 Ka8 81. Kxa6 Kb8 82. Kb6 Ka8 83. Ne6 Kb8 84. a6 1-0

[Event "Warsaw YMCA Autumn-A 205th"]
[Site "Warsaw"]
[Date "2018.10.05"]
[Round "3"]
[White "Podgorski, Maciej"]
[Black "Moskwinski, Marek"]
[Result "1/2-1/2"]
[WhiteElo "1865"]
[BlackElo "1866"]
[PlyCount "101"]
[EventDate "2018.09.21"]
[EventType "swiss"]
[EventRounds "12"]
[EventCountry "POL"]
[SourceTitle "CBM 189 Extra"]
[Source "ChessBase"]
[SourceDate "2019.06.03"]
[SourceVersion "1"]
[SourceVersionDate "2019.06.03"]
[SourceQuality "1"]

1. e4 c6 2. d4 d5 3. e5 Bf5 4. Nc3 e6 5. g4 Bg6 6. Nge2 Ne7 7. Nf4 c5 8. Be3 Nec6 9. Nxg6 hxg6 10. a3 Nd7 11. Bb5 Qb6 12. Bxc6 bxc6 13. Na4 Qa5+ 14. c3 c4 15. 0-0 Rb8 16. Rb1 Rb3 17. Nc5 Bxc5 18. dxc5 Nxe5 19. Bd4 Qc7 20. f4 Nd3 21. Qf3 Rh7 22. h3 Qe7 23. Kh2 Qb7 24. Qe2 Qb8 25. Be5 Qb5 26. Bd6 Nxc5 27. f5 gxf5 28. gxf5 Ne4 29. fxe6 f6 30. Qg2 g5 31. Bg3 Rb7 32. Qf3 Rxb2+ 33. Rxb2 Qxb2+ 34. Kg1 Qxc3 35. Qh5+ Kd8 36. Qh8+ Ke7 37. Qg7+ Kxe6 38. Qg8+ Rf7 39. Qc8+ Ke7 40. Bc7 Qe3+ 41. Kh2 Qd2+ 42. Kh1 Nf2+ 43. Kg1 Ne4 44. Qd8+ Ke6 45. Qe8+ Re7 46. Qg8+ Rf7 47. Qc8+ Ke7 48. Qd8+ Ke6 49. Qe8+ Re7 50. Qg8+ Rf7 51. Qe8+ 1/2-1/2

[Event "Warsaw YMCA Summer-A 202nd"]
[Site "Warsaw"]
[Date "2018.08.09"]
[Round "10"]
[White "Moskwinski, Marek"]
[Black "Sloniewski, Michal"]
[Result "1/2-1/2"]
[WhiteElo "1853"]
[BlackElo "1806"]
[PlyCount "59"]
[EventDate "2018.07.04"]
[EventType "tourn"]
[EventRounds "10"]
[EventCountry "POL"]
[SourceTitle "EXT 2021"]
[Source "ChessBase"]
[SourceDate "2020.10.23"]
[SourceVersion "1"]
[SourceVersionDate "2020.10.23"]
[SourceQuality "1"]

1. e4 e5 2. Nf3 Nc6 3. Bb5 f5 4. exf5 Bc5 5. 0-0 d6 6. d4 exd4 7. Nxd4 Bxd4 8. Qxd4 Qf6 9. Re1+ Nge7 10. Qxf6 gxf6 11. Bh6 Kf7 12. Bc4+ d5 13. Bb3 Nd4 14. Nc3 c6 15. Be3 Nexf5 16. Rad1 Nxb3 17. axb3 Nxe3 18. fxe3 f5 19. Rd4 Re8 20. Kf2 Be6 21. Rh4 Kg7 22. Ne2 Re7 23. Nd4 Rae8 24. Rf4 Kg6 25. Ke2 Bd7 26. Kd2 Bc8 27. Rf3 Bd7 28. Ref1 Re5 29. Rg3+ Kf6 30. b4 1/2-1/2

[Event "Warsaw YMCA Summer-A 202nd"]
[Site "Warsaw"]
[Date "2018.08.01"]
[Round "7"]
[White "Moskwinski, Marek"]
[Black "Prus, Marek"]
[Result "1-0"]
[WhiteElo "1853"]
[BlackElo "1641"]
[PlyCount "89"]
[EventDate "2018.07.04"]
[EventType "tourn"]
[EventRounds "10"]
[EventCountry "POL"]
[SourceTitle "EXT 2021"]
[Source "ChessBase"]
[SourceDate "2020.10.23"]
[SourceVersion "1"]
[SourceVersionDate "2020.10.23"]
[SourceQuality "1"]

1. e4 c5 2. Nf3 Nc6 3. d4 cxd4 4. Nxd4 e5 5. Nb5 d6 6. N1c3 a6 7. Na3 f5 8. Bc4 Nf6 9. Bg5 Be7 10. Bxf6 Bxf6 11. Qd5 Rf8 12. 0-0-0 Be7 13. Rhe1 Nb4 14. Bb5+ axb5 15. Qxb5+ Nc6 16. Nc4 Bd7 17. Nxd6+ Bxd6 18. Rxd6 Rf6 19. Rxf6 gxf6 20. Rd1 Nd4 21. Qxb7 Qc8 22. Qxc8+ Bxc8 23. Nd5 Kf7 24. c3 Nc6 25. Nb6 Rb8 26. Nxc8 Rxc8 27. Rd7+ Ne7 28. exf5 Rg8 29. g3 Rg5 30. a4 Rxf5 31. Rd2 Ke6 32. b4 h5 33. Kb2 h4 34. a5 hxg3 35. hxg3 Nc6 36. a6 e4 37. Kb3 Rb5 38. Ra2 Na7 39. c4 Rb6 40. b5 Kd6 41. Rd2+ Kc7 42. Ka4 Rb8 43. Ka5 Nc8 44. c5 Ra8 45. b6+ 1-0